Synthetic anticonvulsants, antihypoxic agents, and inducers of the liver monooxygenase system; XIX; The synthesis, anticonvulsive, and antihypoxic properties of benzhydrylamine carboxylates; Pharmaceutical Chemistry Journal; Vol. 28, iss. 3

Bibliografische gegevens
Parent link:Pharmaceutical Chemistry Journal
Vol. 28, iss. 3.— 1994.— [P. 163-167]
Andere auteurs: Tignibidina А. S., Bakibaev A. A. Abdigali Abdimanapovich, Gorshkova V. K., Saratikov A. S., Krauin'sh M. P.
Samenvatting:Title screen
Режим доступа: по договору с организацией-держателем ресурса
Taal:Engels
Gepubliceerd in: 1994
Onderwerpen:
Online toegang:http://dx.doi.org/10.1007/BF02218990
Formaat: Elektronisch Hoofdstuk
KOHA link:https://koha.lib.tpu.ru/cgi-bin/koha/opac-detail.pl?biblionumber=654298

MARC

LEADER 00000naa0a2200000 4500
001 654298
005 20250311162027.0
035 |a (RuTPU)RU\TPU\network\19892 
035 |a RU\TPU\network\19374 
090 |a 654298 
100 |a 20170424d1994 k||y0rusy50 ba 
101 0 |a eng 
102 |a US 
135 |a drcn ---uucaa 
181 0 |a i  
182 0 |a b 
200 1 |a Synthetic anticonvulsants, antihypoxic agents, and inducers of the liver monooxygenase system  |h XIX  |i The synthesis, anticonvulsive, and antihypoxic properties of benzhydrylamine carboxylates  |f А. S. Tignibidina [et al.] 
203 |a Text  |c electronic 
300 |a Title screen 
320 |a [References: 2 tit.] 
333 |a Режим доступа: по договору с организацией-держателем ресурса 
461 |t Pharmaceutical Chemistry Journal 
463 |t Vol. 28, iss. 3  |v [P. 163-167]  |d 1994 
610 1 |a электронный ресурс 
610 1 |a труды учёных ТПУ 
610 1 |a противосудорожные средства 
610 1 |a индукторы 
610 1 |a печень 
701 1 |a Tignibidina  |b А. S. 
701 1 |a Bakibaev  |b A. A.  |c Russian chemist  |c Professor of TPU, doctor of chemical sciences  |f 1960-  |g Abdigali Abdimanapovich  |3 (RuTPU)RU\TPU\pers\27851 
701 1 |a Gorshkova  |b V. K. 
701 1 |a Saratikov  |b A. S. 
701 1 |a Krauin'sh  |b M. P. 
801 2 |a RU  |b 63413507  |c 20170424  |g RCR 
856 4 |u http://dx.doi.org/10.1007/BF02218990 
942 |c CF